Statistiken für Liedtext - Monster Rancher - Frei wie der Wind

Klicken Sie hier um das Quiz zu spielen!

Allgemein

  • Dieses Quiz wurde 39 mal gespielt
  • Das Durchschnittsergebnis liegt bei 99 aus 128

Antwortstatistiken

Antwort% Korrekt
Wir
100%
Das
96%
Es
96%
Ist
96%
Er
92%
Frei
92%
Und
92%
Den
88%
Sein
88%
Uns
88%
Werden
88%
Wie
88%
Der
83%
Kein
83%
Mit
83%
Sind
83%
War
83%
Welt
83%
Wind
83%
Die
79%
Geschehen
79%
Los
79%
Mir
79%
Sag
79%
Um
79%
Unserer
79%
Was
79%
Wird
79%
Bloß
75%
Denn
75%
Geht
75%
Verstehen
75%
Wann
75%
Weit
75%
Zählt
75%
Auf
71%
Augenblick
71%
Bald
71%
Bereit
71%
Dann
71%
In
71%
Keine
71%
Nur
71%
Zu
71%
Hoffnung
67%
Niemals
67%
Solang
67%
Spät
67%
Vorbei
67%
Warten
67%
Alles
63%
Angst
63%
Böse
63%
Gewinnen
63%
Gibt
63%
Mal
63%
Weiterlebt
63%
Bezwingen
58%
Weg
58%
Zurück
58%
Auch
42%
Egal
42%
Viel
42%
Führt
33%
Stunden
33%
Tage
33%
Vergehen
33%
Wohin
33%

Verteilung der Resultate

Perzentil nach korrekt beantworteten Fragen

Anzahl Personen mit jedem Resultat

Ihre Resultats-Entwicklung

Sie haben dieses Quiz noch nicht gespielt